000
00323nam a2200109Ia 4500
008
171204s9999 xx 000 0 und d
245
_a
BUSINESS INTELLIGENCE with MATLAB:
245
_c
Marvin L.
260
_c
2016
650
_x
BUSINESS INTELLIGENCE AND ANALYTICS
856
_u
http://down.ebook777.com/052/9781539762874.pdf
999
_c
347138
_d
347138